000 00368nam a2200145Ia 4500
008 230917s9999||||xx |||||||||||||| ||und||
040 _e169638
_aMAIN
041 _aEnglish
082 _a658.3 N213P:L
100 _aPandey, S N
245 0 _aLabour relations
260 _aCulcutta
_bNational Institute of Personnel Management
_c1986
300 _a19 p.
942 _cBK
999 _c92055
_d92055